| 000 | 00683nam a2200229 a 4500 | ||
|---|---|---|---|
| 005 | 20241127063729.0 | ||
| 008 | 991125s1995 bar 000 0 spa u | ||
| 020 | _a8474325498 | ||
| 035 | _aUPN01000008516 | ||
| 049 | _aCG | ||
| 050 | 4 |
_aHM37 _bG6.38 |
|
| 100 | 1 | _aGoody, Jack | |
| 245 | 1 | 0 |
_aCocina, cousine y clase : _bestudio de sociología comparada / _cpor Jack Goody ; tr. Patricia Willson. |
| 260 |
_aBarcelona, Esp. : _bGedisa, _c1995. |
||
| 300 | _a309 p. | ||
| 440 | 0 |
_aHombre y sociedad. _pCla. De. Ma. Antropología |
|
| 650 | 7 |
_aHábitos alimenticios _2 _91358 |
|
| 650 | 2 |
_aEtnología _94794 |
|
| 650 | 4 |
_aSociología _95756 |
|
| 905 | _aLibro | ||
| 999 |
_c8516 _d8516 |
||